Open-channel flow.
Saved in:
| Hovedforfatter: | |
|---|---|
| Format: | Ukendt |
| Udgivet: |
New York,USA:
Springer,
2008.
|
| Udgivelse: | Second edition. |
| Fag: | |
| Online adgang: | Disponible Online - Material adicional |
| Tags: |
Tilføj Tag
Ingen Tags, Vær først til at tagge denne postø!
|
MARC
| LEADER | 00000 a2200000 4500 | ||
|---|---|---|---|
| 003 | CL-VaPUC | ||
| 005 | 20240313161322.0 | ||
| 008 | 240305t2008 eng d | ||
| 999 | |c 443094 |d 443092 | ||
| 020 | |a 9780387301747 | ||
| 040 | |c Pontificia Universidad Católica de Valparaíso | ||
| 082 | 7 | |a 627.042 CHA 2008 |2 22 | |
| 100 | |a Chaudhry, M. Hanif |9 886356 |e author | ||
| 245 | |a Open-channel flow. | ||
| 250 | |a Second edition. | ||
| 260 | |a New York,USA: |b Springer, |c 2008. | ||
| 300 | |a xvi, 523 páginas. | ||
| 583 | |k GC |c 20240305 | ||
| 650 | |a Canales |x Ingeniería hidráulica |9 887494 | ||
| 650 | 0 | |a Hidrodinámica |9 261326 | |
| 856 | |u https://extras.springer.com/?query=9780387301747 |y Disponible Online - Material adicional | ||
| 942 | |2 ddc |c BK | ||
| 952 | |0 0 |1 0 |2 ddc |4 0 |6 627_042000000000000_CHA_2008 |7 0 |8 A |9 593534 |a BIBING |b BIBING |d 2024-03-04 |e 3 |g 130025.00 |i 5660271 |o 627.042 CHA 2008 |p 5660271 |r 2025-01-20 |t 3 |v 130025.00 |w 2024-03-04 |y BK |k CIC | ||
| 952 | |0 0 |1 0 |2 ddc |4 0 |6 627_042000000000000_CHA_2008 |7 0 |8 A |9 593535 |a BIBING |b BIBING |d 2024-03-04 |e 3 |g 130025.00 |i 5660270 |o 627.042 CHA 2008 |p 5660270 |r 2025-01-20 |t 2 |v 130025.00 |w 2024-03-04 |y BK |k CIC | ||
| 952 | |0 0 |1 0 |2 ddc |4 0 |6 627_042000000000000_CHA_2008 |7 0 |8 A |9 593536 |a BIBING |b BIBING |d 2024-03-04 |e 3 |g 130025.00 |i 5660269 |o 627.042 CHA 2008 |p 5660269 |r 2025-01-20 |t 1 |v 130025.00 |w 2024-03-04 |y BK |k CIC | ||